A textbook of Plant Physiology / (Record no. 74973)
[ view plain ]
| 000 -LEADER | |
|---|---|
| fixed length control field | 00758nam a22002537a 4500 |
| 001 - CONTROL NUMBER | |
| control field | 74973 |
| 003 - CONTROL NUMBER IDENTIFIER | |
| rucl marc code | BD-RjUL |
| 005 - DATE AND TIME OF LATEST TRANSACTION | |
| control field | 20220329110635.0 |
| 008 - FIXED-LENGTH DATA ELEMENTS--GENERAL INFORMATION | |
| fixed length control field | 141202s1999 ii a|||| |||| 001 0 eng d |
| 020 ## - INTERNATIONAL STANDARD BOOK NUMBER | |
| Terms of availability | : IRs. 17.00 |
| 035 ## - SYSTEM CONTROL NUMBER | |
| System control number | (BD-RjUL)75191 |
| 040 ## - CATALOGING SOURCE | |
| Original cataloging agency | BD-RjUL |
| Language of cataloging | eng |
| Transcribing agency | BD-RjUL |
| 041 ## - LANGUAGE CODE | |
| Language code of text/sound track or separate title | eng |
| 082 ## - DEWEY DECIMAL CLASSIFICATION NUMBER | |
| Edition number | 23 |
| Classification number | 571.2 |
| Author mark and year | KOT 1972 |
| 100 ## - MAIN ENTRY--PERSONAL NAME | |
| Personal name | Kochhar, P. L. |
| 9 (RLIN) | 114476 |
| 245 12 - TITLE STATEMENT | |
| Title | A textbook of Plant Physiology / |
| Statement of responsibility, etc. | by P. L. Kochhar ; forworded by A. C. Joshi |
| 250 ## - EDITION STATEMENT | |
| Edition statement | New Eleventh edition , Revised & Enlarged |
| 260 ## - PUBLICATION, DISTRIBUTION, ETC. (IMPRINT) | |
| Place of publication, distribution, etc. | Delhi : |
| Name of publisher, distributor, etc. | Atma Ram & sons, |
| Date of publication, distribution, etc. | 1972 |
| 300 ## - PHYSICAL DESCRIPTION | |
| Pagination | xvi, 466 p.: |
| Illustrations | ill.; |
| Size | 24 cm. |
| 500 ## - GENERAL NOTE | |
| General note | Includes index. |
| 650 ## - SUBJECT ADDED ENTRY--TOPICAL TERM | |
| Topical term or geographic name as entry element | Plant physiology. |
| 9 (RLIN) | 114477 |
| 700 ## - ADDED ENTRY--PERSONAL NAME | |
| Personal name | Joshi, A. C. , forworder |
| 942 ## - ADDED ENTRY ELEMENTS (KOHA) | |
| Source of classification or shelving scheme | Dewey Decimal Classification |
| Koha item type | Books |
| Lost status | Source of classification or shelving scheme | Damaged status | Not for loan | Collection code | Permanent Location | Current Location | Shelving location | Date acquired | Source of acquisition | Cost, normal purchase price | Full call number | Date last seen | Copy number | Koha item type |
|---|---|---|---|---|---|---|---|---|---|---|---|---|---|---|
| Dewey Decimal Classification | Non-fiction | Central Library, University of Rajshahi | Central Library, University of Rajshahi | General Stacks | 03/06/1976 | Aligarh Libraty Rajshahi | 25.00 | 571.2 KOT 1972 | 03/01/2019 | C-2 | Books | |||
| Dewey Decimal Classification | Not For Loan | Non-fiction | Central Library, University of Rajshahi | Central Library, University of Rajshahi | Reading Room | 03/06/1976 | Rajshahi, Aligargh Library | 42.50 | 571.2 KOT 1972 | 29/03/2022 | C-1 | Books |